004650000a2200181000450024500370000065000150003765000160005265000150006865000190008365300140010265300330011604100130014970000170016270000220017970000160020110000210021777300450023810aRafflesia an endothermic flower?14aBotánica14aFitología14aEndotermia14aPolinización gRafflesia gRhizantheseRhizanthes lowii0 aInglés1 aAalto, Tuula1 aEdwards, Alice A.1 aGrace, John1 aPatiño, Sandra1 tNew Phytologist3126q429-437d2002g154